| 000 | 00501nam a2200193Ia 4500 | ||
|---|---|---|---|
| 003 | BUBTL | ||
| 008 | 151213s9999 xx 000 0 und d | ||
| 020 | _a81-85733-74-0 | ||
| 082 | _a677MUH | ||
| 100 | _aW.S.Murphy | ||
| 245 |
_aHand Book of Weaving : _cW.S.Murphy |
||
| 260 |
_aIndia : _bAbhishek Publications, _cc2007. |
||
| 300 |
_a270 p. : _c24 cm. _bill. ; |
||
| 650 | _aTextiles | ||
| 650 | _aTextiles | ||
| 856 |
_k0 _l0 _yDownload |
||
| 942 |
_2ddc _cBK |
||
| 999 |
_c3949 _d3949 |
||